[Event "Coupe 2000 Phase 1"]
[Site "?"]
[Date "2002.01.27"]
[Round "2"]
[White "Pardon, Francois"]
[Black "Chabas, Jean-Luc"]
[Result "1/2-1/2"]
[WhiteElo "1810"]
[BlackElo "1580"]
[PlyCount "95"]
[EventDate "2002.??.??"]

{Aurec 2  /  Meximieux : Echiquier 2
} 1. e4 e5 2. Nc3 Bb4 3. Nd5 Ba5 4. b4
Bb6 5. d3 c6 6. Nxb6 axb6 7. Nf3 d6 8. Bg5 Nf6 9. Be2 O-O 10. O-O Be6 11. Nd2
Nbd7 12. f4 exf4 13. Bxf4 Qe7 14. Qe1 Bxa2 15. Qg3 Rfd8 16. Bxd6 Qe6 17. c4 Ne8
18. Bf4 Ndf6 19. Rfc1 Ra6 20. Rc2 Rda8 21. e5 Nd7 22. d4 Qe7 23. Rb2 Ra4 24.
Qc3 Nc7 25. Bd1 R4a7 26. Rc1 Ra3 27. Qc2 Ne6 28. Qe4 Ndf8 29. d5 Nxf4 30. Qxf4
cxd5 31. cxd5 Bxd5 32. Nf3 Ng6 33. Qd4 Bc6 34. Qxb6 Ra1 35. Rbb1 R1a3 36. Qc5
Qd8 37. b5 Bxf3 38. Bxf3 b6 39. Qd6 Nf4 40. Bxa8 Rxa8 41. Qxd8+ Rxd8 42. Rd1
Re8 43. Rd6 Ne2+ 44. Kf2 Nc3 45. Re1 Rb8 46. e6 fxe6 47. Rexe6 Nxb5 48. Rxb6
1/2-1/2

[Event "Coupe 2000 Phase 1"]
[Site "?"]
[Date "2002.01.27"]
[Round "2"]
[White "Valet, Godefroy"]
[Black "Vernay, Denis"]
[Result "1-0"]
[WhiteElo "1500"]
[BlackElo "1810"]
[PlyCount "99"]
[EventDate "2002.??.??"]

{Aurec 2  /  Meximieux : Echiquier 3
} 1. e4 e6 2. d4 d5 3. exd5 exd5 4. Bd3
Nf6 5. Nf3 Bd6 6. O-O O-O 7. Re1 Bg4 8. Bg5 Nbd7 9. Nbd2 c6 10. c3 Qc7 11. Qc2
h6 12. Bh4 Nh5 13. h3 Be6 14. Bh7+ Kh8 15. Re2 Nf4 16. Re3 Rfe8 17. Rae1 Nf8
18. Bd3 Nxd3 19. Qxd3 Bf4 20. R3e2 f6 21. Nf1 Qd7 22. Bg3 Bxg3 23. Nxg3 Bf7 24.
Qf5 Qxf5 25. Nxf5 Ng6 26. Nd6 Rxe2 27. Nxf7+ Kg8 28. Nxh6+ gxh6 29. Rxe2 Kf7
30. g3 Rg8 31. Kf1 Ne7 32. Nh4 a5 33. Ke1 b6 34. a3 c5 35. Rc2 Re8 36. Kd1 Nc6
37. dxc5 bxc5 38. Rd2 d4 39. Nf3 dxc3 40. bxc3 Ne7 41. Rd7 Ke6 42. Rb7 Nd5 43.
Kc2 a4 44. c4 Ne7 45. Rb6+ Kf5 46. g4+ Ke4 47. Nd2+ Ke5 48. f4+ Kxf4 49. Rxf6+
Kg5 50. Ne4+ 1-0

[Event "Coupe 2000 Phase 1"]
[Site "?"]
[Date "2002.01.27"]
[Round "2"]
[White "Nyd, Christopher"]
[Black "Barthelemy, Jerome"]
[Result "1/2-1/2"]
[WhiteElo "1530"]
[BlackElo "1400"]
[PlyCount "87"]
[EventDate "2002.??.??"]

{Aurec 2  /  Meximieux : Echiquier 4
} 1. d4 d5 2. c4 c6 3. Nc3 dxc4 4. a4 a6
5. e4 b5 6. axb5 cxb5 7. Nxb5 Bd7 8. Nc3 Qc7 9. Nf3 e6 10. Qe2 Qb7 11. Qxc4 Nf6
12. e5 Nd5 13. Be2 Be7 14. O-O Nxc3 15. bxc3 O-O 16. Bd2 Rc8 17. Qd3 Bb5 18.
Qb1 Bc6 19. Qxb7 Bxb7 20. Rfb1 Bd5 21. Rc1 a5 22. c4 Be4 23. Rxa5 Rxa5 24. Bxa5
Nc6 25. Bd2 Bxf3 26. Bxf3 Nxd4 27. Be3 Nb3 28. Rc3 Na5 29. Be2 Bb4 30. Rc1 Bc5
31. Bxc5 Rxc5 32. Kf1 Rxe5 33. c5 Nb3 34. Rc2 Rxc5 35. Rxc5 Nxc5 36. f3 f5 37.
Kf2 Kf7 38. Kg3 g5 39. h4 h6 40. hxg5 hxg5 41. f4 gxf4+ 42. Kxf4 Kf6 43. g4
fxg4 44. Bxg4 1/2-1/2

[Event "Coupe 2000 Phase 1"]
[Site "?"]
[Date "2002.01.27"]
[Round "2"]
[White "Lafrechoux, Laurent"]
[Black "Brailly-Vignal, Bastien"]
[Result "1-0"]
[WhiteElo "1850"]
[BlackElo "1840"]
[PlyCount "81"]
[EventDate "2002.??.??"]

{St-Etienne  /  Bourg en Bresse : Systeme Molter
} 1. e4 e5 2. d4 exd4 3. c3
d5 4. Qxd4 dxe4 5. Qxe4+ Qe7 6. Bd3 Nf6 7. Qxe7+ Bxe7 8. Bf4 c6 9. Nd2 O-O 10.
O-O-O Be6 11. Kb1 Nbd7 12. Ngf3 Nc5 13. Bc2 Nd5 14. Be5 f6 15. Bg3 Bf7 16. Nd4
g6 17. Rhe1 Rfe8 18. f4 f5 19. N2f3 Bd6 20. Ne5 Rad8 21. c4 Nf6 22. Bh4 Be7 23.
Ndf3 Rxd1+ 24. Rxd1 Rd8 25. Re1 Kf8 26. Nxf7 Kxf7 27. Ng5+ Kf8 28. Nxh7+ Kf7
29. Rxe7+ Kxe7 30. Bxf6+ Ke8 31. Bxd8 Kxd8 32. Ng5 Ke7 33. b4 Nd7 34. Kb2 Nf6
35. Bd1 Ng4 36. Bxg4 fxg4 37. Kc3 Kf6 38. Kd4 b6 39. Ke3 Kf5 40. Nf7 Ke6 41.
Ne5 1-0

[Event "Coupe 2000 Phase 1"]
[Site "?"]
[Date "2002.01.27"]
[Round "2"]
[White "Papet, Bernard"]
[Black "Garnier, Gilles"]
[Result "0-1"]
[WhiteElo "1740"]
[BlackElo "1900"]
[PlyCount "62"]
[EventDate "2002.??.??"]

{Bourg en Bresse  /  Cascol : Systeme Molter
} 1. d4 d5 2. Nc3 Nf6 3. e4 dxe4
4. f3 exf3 5. Nxf3 g6 6. Bc4 Bg7 7. O-O O-O 8. Bg5 Bf5 9. Ne2 Ne4 10. Bh4 c5
11. c3 cxd4 12. Nexd4 Nd6 13. Bb3 Qc7 14. Qe2 e6 15. Bg3 Qb6 16. Ne5 Ne4 17.
Nc4 Nxg3 18. hxg3 Qc5 19. Kh1 Nc6 20. g4 Nxd4 21. cxd4 Bxd4 22. gxf5 exf5 23.
Rac1 Rae8 24. Qd1 Re4 25. Rf3 Qe7 26. Qd2 Re8 27. Kh2 b5 28. Na5 Qe5+ 29. Kh3
Rh4+ 30. Kxh4 Qh2+ 31. Rh3 Bf6+ 0-1

[Event "Coupe 2000 Phase 1"]
[Site "?"]
[Date "2002.01.27"]
[Round "2"]
[White "Bec, Williams"]
[Black "Frota, Rewbenio"]
[Result "1-0"]
[WhiteElo "2030"]
[BlackElo "1800"]
[PlyCount "105"]
[EventDate "2002.??.??"]

{Cascol  /  St-Etienne  : Systeme Molter
} 1. Nf3 Nf6 2. d4 e6 3. g3 c5 4. c3
Nc6 5. Bg2 Be7 6. O-O O-O 7. b3 b6 8. Nbd2 d5 9. Re1 Ne4 10. Nxe4 dxe4 11. Ne5
Nxe5 12. Bxe4 Rb8 13. dxe5 Qc7 14. Qc2 h6 15. c4 Bb7 16. Bb2 Rfd8 17. Rad1 Bf8
18. Bxb7 Qxb7 19. Rxd8 Rxd8 20. Rd1 Qc7 21. Rd3 Be7 22. h4 h5 23. Qd2 g6 24.
Qe3 Qb7 25. Bc3 Qc6 26. f3 Kg7 27. Kf2 Qb7 28. Bd2 Rh8 29. Bc1 Qc7 30. a4 a6
31. Qd2 Rd8 32. Qh6+ Kg8 33. Bg5 Bxg5 34. Qxg5 Rxd3 35. exd3 Qd7 36. Qe3 a5 37.
Qe4 Kf8 38. g4 hxg4 39. fxg4 Qd8 40. Kg3 Kg7 41. g5 Qd7 42. Kf3 Kf8 43. Ke3 Ke7
44. Kf4 Kf8 45. Kf3 Ke7 46. Kg4 Kf8 47. h5 gxh5+ 48. Kxh5 Ke7 49. Kg4 Kf8 50.
Kh5 Ke7 51. g6 fxg6+ 52. Qxg6 Kd8 53. Kh6 1-0

[Event "Coupe 2000 Phase 1"]
[Site "?"]
[Date "2002.01.27"]
[Round "2"]
[White "Roncin, Cesar"]
[Black "Sainseaux, Patrice"]
[Result "0-1"]
[WhiteElo "1640"]
[BlackElo "1820"]
[PlyCount "56"]
[EventDate "2002.??.??"]

{St-Etienne  /  Cascol : Systeme Molter
} 1. e4 e5 2. f4 exf4 3. Nf3 Nc6 4.
Bc4 g5 5. h3 Qe7 6. d3 d6 7. O-O h5 8. Nc3 f6 9. Nd5 Qg7 10. Nh2 Ne5 11. d4
Nxc4 12. Qe2 Nb6 13. a4 Nxd5 14. exd5+ Qe7 15. Qd3 Qg7 16. Re1+ Be7 17. Qb5+
Kf7 18. Qc4 Bf5 19. Qxc7 Rc8 20. Qxb7 Rxc2 21. Qxa7 Qg6 22. Qa5 Be4 23. Bd2 g4
24. h4 f3 25. Rac1 f2+ 26. Kxf2 g3+ 27. Kg1 gxh2+ 28. Kxh2 Qxg2# 0-1

[Event "Coupe 2000 Phase 1"]
[Site "?"]
[Date "2002.01.27"]
[Round "2"]
[White "Ravot, Cyril"]
[Black "Gubelmann, Albert"]
[Result "0-1"]
[WhiteElo "1580"]
[BlackElo "1700"]
[PlyCount "117"]
[EventDate "2002.??.??"]

{Cascol  /  Bourg en Bresse : Systeme Molter
} 1. e4 e5 2. Nf3 Nc6 3. Bc4 Be7
4. Nc3 Nf6 5. Ng5 O-O 6. d3 Na5 7. Be3 Nxc4 8. dxc4 c6 9. Qe2 d6 10. O-O-O Bg4
11. f3 Bh5 12. g4 Bg6 13. h4 h5 14. Rdg1 Nh7 15. Nxh7 Kxh7 16. Qg2 Bf6 17. gxh5
Bxh5 18. f4 exf4 19. Bxf4 g6 20. Bg5 Qe7 21. Rf1 Bxg5+ 22. hxg5 Kg7 23. Qh2
Qxg5+ 24. Kb1 Qe5 25. Qg2 Rh8 26. Rf5 Qe6 27. Rfxh5 Rxh5 28. Rxh5 Qxc4 29. Rh3
Qe6 30. Rd3 Rh8 31. b3 Qe5 32. Kb2 b5 33. Qg3 Qxg3 34. Rxg3 b4 35. Ne2 Kf6 36.
Rd3 Ke5 37. Nd4 Rc8 38. Nf3+ Ke6 39. Rd1 f6 40. c3 a5 41. cxb4 axb4 42. Rg1 g5
43. Kc2 Rg8 44. Nd4+ Kd7 45. Nf5 c5 46. Rd1 Ke6 47. Rxd6+ Ke5 48. Kd3 g4 49.
Rd5+ Kf4 50. Rxc5 g3 51. Rc1 g2 52. Nd4 Rg3+ 53. Kd2 Kxe4 54. Ne2 Rd3+ 55. Kc2
Ke3 56. Ng1 Rd2+ 57. Kb1 Rf2 58. Re1+ Kd2 59. Re2+ 0-1

[Event "Coupe 2000 Phase 1"]
[Site "?"]
[Date "2002.01.27"]
[Round "2"]
[White "Huseni, Imer"]
[Black "Doran, Nial"]
[Result "1-0"]
[WhiteElo "1599"]
[BlackElo "1499"]
[PlyCount "71"]
[EventDate "2002.??.??"]

{Bourg en Bresse  /  St-Etienne  : Systeme Molter
} 1. d4 d5 2. c4 c6 3. Nf3
e6 4. Nc3 Nf6 5. Bg5 Be7 6. g3 O-O 7. c5 b6 8. b4 Ba6 9. Bg2 Nbd7 10. O-O Re8
11. Re1 bxc5 12. dxc5 Rb8 13. Rb1 e5 14. e3 Bc4 15. Qa4 a6 16. Qxc6 Bb5 17.
Nxb5 axb5 18. Bxf6 Bxf6 19. Qxd5 e4 20. Nd4 Ne5 21. Qxd8 Rbxd8 22. Nxb5 Nf3+
23. Bxf3 exf3 24. Nd6 Re7 25. a4 Rb8 26. a5 Bc3 27. Rec1 Bd2 28. Rc2 Rxb4 29.
Rxb4 Bxb4 30. Rb2 g6 31. Rxb4 Ra7 32. Rb5 Kf8 33. c6 Ke7 34. Ne4 f5 35. Rb7+
Rxb7 36. cxb7 1-0

[Event "Coupe 2000 Phase 1"]
[Site "?"]
[Date "2002.02.27"]
[Round "3"]
[White "Valjan, Berislav"]
[Black "Bellon, Yves"]
[Result "1-0"]
[WhiteElo "1750"]
[BlackElo "2060"]
[PlyCount "105"]
[EventDate "2002.??.??"]

{Aurec 2  /  St-Chamond 1  : Echiquier 1
} 1. d4 Nf6 2. c4 c5 3. d5 d6 4. Nc3
g6 5. e4 Bg7 6. Bd3 O-O 7. Nf3 Na6 8. a3 Nc7 9. h3 Re8 10. O-O e6 11. Bg5 h6
12. Bh4 g5 13. Bg3 e5 14. Qc2 Nh5 15. Ne2 Kh8 16. Bh2 Nf4 17. Nxf4 gxf4 18. Kh1
Bf6 19. Qe2 Rg8 20. Ne1 Qe7 21. Qh5 Kh7 22. Bxf4 exf4 23. e5+ Kg7 24. exf6+
Qxf6 25. Rb1 Bd7 26. Qf3 Qh4 27. Kh2 Rae8 28. Bc2 Kh8 29. Nd3 Bf5 30. Rfe1 Qg5
31. Rxe8 Rxe8 32. Re1 Rg8 33. Re2 Ne8 34. Nxf4 Nf6 35. Bxf5 Qxf5 36. Re7 Nd7
37. Nh5 Qxf3 38. gxf3 Ne5 39. Ng3 Nxf3+ 40. Kg2 Ne5 41. b3 h5 42. Kf1 h4 43.
Nf5 Nf3 44. Rxf7 Rg1+ 45. Ke2 Ne5 46. Rxb7 Rb1 47. Nxd6 a5 48. a4 Rh1 49. Re7
Ng6 50. Re8+ Kh7 51. Ne4 Nf4+ 52. Kd2 Nxh3 53. d6 1-0

[Event "Coupe 2000 Phase 1"]
[Site "?"]
[Date "2002.01.27"]
[Round "3"]
[White "Valla, Nicolas"]
[Black "Chabas, Jean-Luc"]
[Result "1-0"]
[WhiteElo "1980"]
[BlackElo "1580"]
[PlyCount "35"]
[EventDate "2002.??.??"]

{Aurec 2  /  St-Chamond 1  : Echiquier 2
} 1. e4 e5 2. Nf3 Nc6 3. d4 exd4 4.
Bc4 d6 5. O-O Bg4 6. h3 Bh5 7. c3 dxc3 8. Nxc3 Qd7 9. Be3 a6 10. Be2 Bg6 11.
Qa4 Nf6 12. Rfd1 O-O-O 13. Rac1 Re8 14. Nd2 Ng8 15. b4 Nb8 16. b5 f5 17. Nd5
fxe4 18. Nb6+ 1-0

[Event "Coupe 2000 Phase 1"]
[Site "?"]
[Date "2002.01.27"]
[Round "3"]
[White "Valet, Godefroy"]
[Black "Verdelli, Maximilien"]
[Result "1/2-1/2"]
[WhiteElo "1500"]
[BlackElo "1900"]
[PlyCount "75"]
[EventDate "2002.??.??"]

{Aurec 2  /  St-Chamond 1  : Echiquier 3
} 1. e4 c5 2. Nc3 d6 3. Nf3 Nc6 4.
Bc4 e6 5. O-O Nf6 6. d3 Be7 7. Bf4 a6 8. a3 O-O 9. e5 dxe5 10. Nxe5 Nxe5 11.
Bxe5 Bd7 12. Ne4 Nd5 13. Qg4 f6 14. Bd6 Bxd6 15. Nxd6 Qc7 16. Bxd5 exd5 17. Nf5
Bxf5 18. Qxf5 Qd6 19. Rfe1 Rfe8 20. Rad1 d4 21. Qh5 g6 22. Qf3 b5 23. b3 Rab8
24. Re4 f5 25. Re2 Rxe2 26. Qxe2 Kf7 27. Re1 Qc6 28. Qe7+ Kg8 29. Re6 Qc8 30.
Re5 c4 31. Rc5 Qe8 32. Qxe8+ Rxe8 33. g3 cxd3 34. cxd3 Re1+ 35. Kg2 Rd1 36. a4
Rxd3 37. axb5 axb5 38. Rxb5 1/2-1/2

[Event "Coupe 2000 Phase 1"]
[Site "?"]
[Date "2002.01.27"]
[Round "3"]
[White "Garon, Pierre"]
[Black "Barthelemy, Jerome"]
[Result "1-0"]
[WhiteElo "1880"]
[BlackElo "1400"]
[PlyCount "35"]
[EventDate "2002.??.??"]

{Aurec 2  /  St-Chamond 1  : Echiquier 4
} 1. c4 e6 2. e4 c6 3. Nc3 d5 4. Nf3
Be7 5. d4 dxe4 6. Nxe4 Nf6 7. Bd3 O-O 8. O-O b6 9. Qe2 Bb7 10. Bd2 Nbd7 11. Bc3
Qc7 12. Ng3 c5 13. d5 exd5 14. Qxe7 Rfe8 15. Bxf6 gxf6 16. Bxh7+ Kxh7 17. Qxf7+
Kh8 18. Nf5 1-0

[Event "Coupe 2000 Phase 1"]
[Site "?"]
[Date "2002.01.27"]
[Round "3"]
[White "Roche, Marius"]
[Black "Graillon, David"]
[Result "0-1"]
[WhiteElo "1730"]
[BlackElo "2040"]
[PlyCount "76"]
[EventDate "2002.??.??"]

{St-Chamond 3  /  Aurec 1  : Echiquier 1
} 1. d4 d5 2. Nf3 Nf6 3. g3 c6 4. Bg2
Bf5 5. O-O h6 6. c4 e6 7. cxd5 exd5 8. Nc3 Bd6 9. Nh4 Bh7 10. Bh3 O-O 11. Bf5
Ne4 12. Bxh7+ Kxh7 13. Nf5 Qd7 14. Nxd6 Qxd6 15. Qd3 f5 16. Bf4 Qe7 17. f3 Nd6
18. Bxd6 Qxd6 19. e4 Na6 20. e5 Qe6 21. f4 Rf7 22. Rf2 Rc8 23. g4 Nc7 24. Raf1
Kh8 25. gxf5 Rxf5 26. Rg2 Rcf8 27. Qg3 Qf7 28. Ne2 Ne6 29. Rgf2 b6 30. b4 c5
31. bxc5 bxc5 32. dxc5 Nxc5 33. Rg2 Rxe5 34. Qxg7+ Qxg7 35. Rxg7 Rxe2 36. Rxa7
Ne4 37. Rb1 Rg8+ 38. Kf1 Rf2+ 0-1

[Event "Coupe 2000 Phase 1"]
[Site "?"]
[Date "2002.01.27"]
[Round "3"]
[White "Testard, Philippe"]
[Black "Vier, Serge"]
[Result "1-0"]
[WhiteElo "1860"]
[BlackElo "1670"]
[PlyCount "67"]
[EventDate "2002.??.??"]

{St-Chamond 3  /  Aurec 1  : Echiquier 2
} 1. d4 d5 2. c4 e6 3. Nc3 Nf6 4. Bg5
Nbd7 5. cxd5 exd5 6. e3 c6 7. Bd3 Be7 8. Nge2 O-O 9. O-O Re8 10. Qc2 Nf8 11.
Rab1 Ne6 12. Bxf6 Bxf6 13. Bxh7+ Kh8 14. Bd3 Qd6 15. Ng3 g6 16. Rbe1 Kg7 17. f4
Rh8 18. f5 Nf8 19. fxg6 Nxg6 20. Bf5 Ne7 21. Rf4 Bg5 22. Rg4 f6 23. Bxc8 Raxc8
24. e4 Rh4 25. Rxh4 Bxh4 26. e5 Qe6 27. Nh5+ Kh6 28. Nf4 Qg4 29. g3 Rg8 30. Qf2
Ng6 31. Nxg6 Qxg6 32. e6 Re8 33. Kh1 Bg5 34. h4 1-0

[Event "Coupe 2000 Phase 1"]
[Site "?"]
[Date "2002.01.27"]
[Round "3"]
[White "Bastien, Daniel"]
[Black "Celette, Robert"]
[Result "0-1"]
[WhiteElo "1690"]
[BlackElo "1860"]
[PlyCount "64"]
[EventDate "2002.??.??"]

{St-Chamond 3  /  Aurec 1  : Echiquier 3
} 1. c4 c5 2. Nc3 g6 3. Nf3 Bg7 4. g3
Nf6 5. Bg2 O-O 6. O-O Nc6 7. e4 d6 8. d3 a6 9. Be3 Rb8 10. a4 Ng4 11. Bd2 Nge5
12. Nxe5 dxe5 13. Be3 Nd4 14. a5 Qd6 15. Nd5 Nc6 16. Qd2 e6 17. Nb6 Nd4 18.
Rab1 Rd8 19. b4 cxb4 20. Rxb4 Bd7 21. Nxd7 Rxd7 22. Rfb1 Qc7 23. Rb6 Bf8 24.
Qb2 Bc5 25. Rxa6 Nc6 26. Rxc6 Qxc6 27. a6 Bxe3 28. Qxe5 Ba7 29. Qa1 Qxa6 30.
Qb2 Rxd3 31. c5 Rbd8 32. Bf1 Rd1 0-1

[Event "Coupe 2000 Phase 1"]
[Site "?"]
[Date "2002.01.27"]
[Round "3"]
[White "Chomier, Frederic"]
[Black "Libiszewski, Christian"]
[Result "1-0"]
[WhiteElo "1990"]
[BlackElo "1650"]
[PlyCount "115"]
[EventDate "2002.??.??"]

{St-Chamond 3  /  Aurec 1  : Echiquier 4
} 1. e4 e6 2. d4 d5 3. e5 c5 4. c3
Nc6 5. Nf3 Bd7 6. a3 cxd4 7. cxd4 f6 8. exf6 Nxf6 9. Bd3 Bd6 10. O-O O-O 11.
Nc3 a6 12. Re1 Qc7 13. h3 e5 14. dxe5 Nxe5 15. Be2 Bc6 16. Nd4 Qf7 17. Be3 Ng6
18. b4 Bf4 19. Bf3 Bxe3 20. Rxe3 Rae8 21. Rxe8 Rxe8 22. Qd2 Nh4 23. Re1 Rxe1+
24. Qxe1 Nxf3+ 25. Nxf3 Qe8 26. Qxe8+ Nxe8 27. Nd4 Nf6 28. f3 Be8 29. Kf2 Kf8
30. Ke3 g5 31. Ne6+ Ke7 32. Nd4 Kd6 33. Nce2 Bd7 34. Nb3 b6 35. Kd4 Bb5 36. Ng3
Bd7 37. Nc1 Be6 38. Nd3 Nd7 39. f4 h6 40. f5 Bf7 41. Ne2 Nf6 42. Ne5 Bg8 43. g4
h5 44. Ng1 hxg4 45. hxg4 Ne4 46. Ngf3 Ke7 47. Ng6+ Kf6 48. Nfe5 Bh7 49. Kxd5
Nc3+ 50. Kc6 Na4 51. Nd7+ Kf7 52. Nge5+ Ke7 53. Nxb6 Nc3 54. Nd5+ Nxd5 55. Kxd5
Bg8+ 56. Kc5 Kf6 57. Nd7+ Ke7 58. Nb8 {
Les Blancs gagnerent quelques coups plus tard.
} 1-0

[Event "Coupe 2000 Phase 1"]
[Site "?"]
[Date "2002.01.27"]
[Round "3"]
[White "Garnier, Gilles"]
[Black "Massard, Christian"]
[Result "1-0"]
[WhiteElo "1900"]
[BlackElo "1870"]
[PlyCount "57"]
[EventDate "2002.??.??"]

{Cascol  /  St-Chamond 2   : Echiquier 1
} 1. e4 e6 2. d4 d5 3. Nc3 dxe4 4.
Nxe4 Nf6 5. Bg5 Be7 6. Bxf6 Bxf6 7. Nf3 O-O 8. Bd3 Bxd4 9. Nxd4 Qxd4 10. O-O
Qxb2 11. Rb1 Qe5 12. Rb5 Qf4 13. g3 Qh6 14. Rh5 Qg6 15. Ng5 f5 16. Nxh7 Rd8 17.
Re1 c5 18. Qe2 Nc6 19. Rh4 Rd4 20. f4 Nb4 21. Ng5 Nxd3 22. cxd3 Rd6 23. Nf3 Ra6
24. Ne5 Qe8 25. Qg2 Qa4 26. Qh3 Qd4+ 27. Kf1 Kf8 28. Rh8+ Ke7 29. Qh4+ 1-0

[Event "Coupe 2000 Phase 1"]
[Site "?"]
[Date "2002.01.27"]
[Round "3"]
[White "Poncet, Alain"]
[Black "Bec, Williams"]
[Result "0-1"]
[WhiteElo "1810"]
[BlackElo "2030"]
[PlyCount "84"]
[EventDate "2002.??.??"]

{Cascol  /  St-Chamond 2   : Echiquier 2
} 1. e4 c5 2. Nc3 Nc6 3. f4 d6 4. Nf3
Bg4 5. Bb5 g6 6. O-O Bg7 7. d3 e6 8. Bxc6+ bxc6 9. Be3 Ne7 10. h3 Bxf3 11. Qxf3
Rb8 12. Rab1 O-O 13. Nd1 Qa5 14. Nf2 f5 15. Rfd1 Bxb2 16. h4 Qxa2 17. h5 Bd4
18. Rxb8 Rxb8 19. Bxd4 cxd4 20. exf5 gxf5 21. Qg3+ Kf7 22. Nh3 h6 23. Qf2 Qd5
24. Ra1 a5 25. Qd2 Rb5 26. c4 dxc3 27. Qxc3 Qc5+ 28. Qxc5 Rxc5 29. Nf2 Nd5 30.
g3 Nc3 31. Kg2 a4 32. g4 fxg4 33. Nxg4 Rxh5 34. Ra3 Rc5 35. Nxh6+ Ke7 36. Kf3
Kd7 37. d4 Rc4 38. Ke3 Nb5 39. Rd3 a3 40. f5 a2 41. Rd1 Rxd4 42. fxe6+ Kxe6 0-1

[Event "Coupe 2000 Phase 1"]
[Site "?"]
[Date "2002.01.27"]
[Round "3"]
[White "Sainseaux, Patrice"]
[Black "Bednar, Emile"]
[Result "1/2-1/2"]
[WhiteElo "1820"]
[BlackElo "1920"]
[PlyCount "84"]
[EventDate "2002.??.??"]

{Cascol  /  St-Chamond 2   : Echiquier 3
} 1. e4 Nc6 2. Nf3 e5 3. d4 exd4 4.
Nxd4 Bc5 5. Be3 Qf6 6. c3 Nge7 7. Nc2 Bb6 8. Bxb6 axb6 9. Nd2 d6 10. Bc4 O-O
11. O-O Ne5 12. Bb3 Qg6 13. Nd4 Bh3 14. g3 Bxf1 15. Qxf1 Qh6 16. f4 Nd7 17. a3
c6 18. Qe2 d5 19. e5 Nc5 20. Bc2 Ne6 21. Rf1 Nxd4 22. cxd4 c5 23. Nf3 Nc6 24.
Rd1 cxd4 25. Nxd4 Nxd4 26. Rxd4 Qc6 27. Qd3 g6 28. Rxd5 Rac8 29. Bb1 Qc1+ 30.
Kg2 Qxb2+ 31. Kh3 Rc3 32. Qd4 Rb3 33. Qxb2 Rxb2 34. Be4 Re2 35. Bg2 Rc8 36. Rd7
Rcc2 37. Bd5 Rxh2+ 38. Kg4 Rhd2 39. Kg5 Rxd5 40. Rxd5 Kg7 41. Rd7 h6+ 42. Kg4
Rc3 1/2-1/2

[Event "Coupe 2000 Phase 1"]
[Site "?"]
[Date "2002.01.27"]
[Round "3"]
[White "Mujic, Saban"]
[Black "Ravot, Cyril"]
[Result "1/2-1/2"]
[WhiteElo "1800"]
[BlackElo "1580"]
[PlyCount "131"]
[EventDate "2002.??.??"]

{Cascol  /  St-Chamond 2   : Echiquier 1
} 1. d4 d5 2. c4 e6 3. e3 c5 4. Nf3
Nf6 5. Nc3 Nc6 6. cxd5 exd5 7. a3 Bf5 8. Bd3 Bxd3 9. Qxd3 c4 10. Qc2 Bd6 11.
O-O O-O 12. e4 dxe4 13. Nxe4 Nxe4 14. Qxe4 Re8 15. Qc2 Bc7 16. Be3 Bb6 17. Qxc4
Rc8 18. Qd3 Qd5 19. Rfd1 Re4 20. Ng5 Rh4 21. Nf3 Re4 22. Nd2 Ree8 23. Qb3 Qd7
24. Nf3 Rcd8 25. Qd3 Ne7 26. Rac1 Nd5 27. Ne5 Qe6 28. Re1 Nxe3 29. Qxe3 Bxd4
30. Qg3 Bxe5 31. f4 Qb6+ 32. Kh1 Bxb2 33. Rxe8+ Rxe8 34. Rb1 Rc8 35. Qe1 Qe6
36. Qd2 Re8 37. h3 Bxa3 38. Rxb7 Qe1+ 39. Qxe1 Rxe1+ 40. Kh2 a5 41. Rb8+ Bf8
42. Ra8 Ra1 43. Kg3 a4 44. Kg4 a3 45. h4 Rb1 46. h5 a2 47. Rxa2 Rh1 48. Ra8 g6
49. hxg6 hxg6 50. f5 Rg1 51. Ra2 gxf5+ 52. Kxf5 Kg7 53. g4 Rf1+ 54. Ke4 Kg6 55.
Ra5 Re1+ 56. Kf3 f6 57. Rd5 Bh6 58. Rb5 Re3+ 59. Kf2 Re5 60. Rb8 Kg5 61. Kf3
Kg6 62. Rg8+ Bg7 63. Kf4 Kf7 64. Ra8 Bh6+ 65. Kf3 Re3+ 66. Kg2 1/2-1/2

[Event "Coupe 2000 Phase 1"]
[Site "?"]
[Date "2002.01.27"]
[Round "3"]
[White "Marmey, Cedric"]
[Black "Lafrechoux, Laurent"]
[Result "1-0"]
[WhiteElo "1980"]
[BlackElo "1850"]
[PlyCount "47"]
[EventDate "2002.??.??"]

{Meximieux  /  St-Etienne  : Systeme Molter
} 1. e4 e5 2. Nf3 Bc5 3. Bc4 b5 4.
Bxb5 Nf6 5. d3 c6 6. Ba4 O-O 7. O-O d5 8. exd5 e4 9. dxe4 Nxe4 10. Be3 Bxe3 11.
fxe3 Qb6 12. Qd4 Nc5 13. Bxc6 Nxc6 14. dxc6 Rd8 15. Qc3 Be6 16. b3 Ne4 17. Qe5
Qxe3+ 18. Kh1 Nf2+ 19. Kg1 Ne4+ 20. Kh1 Rd1 21. Na3 Nf2+ 22. Kg1 Nh3+ 23. Kh1
Qg1+ 24. Nxg1 1-0

[Event "Coupe 2000 Phase 1"]
[Site "?"]
[Date "2002.01.27"]
[Round "3"]
[White "Frota, Rewbenio"]
[Black "Brailly-Vignal, Bastien"]
[Result "0-1"]
[WhiteElo "1800"]
[BlackElo "1840"]
[PlyCount "42"]
[EventDate "2002.??.??"]

{St-Etienne  /  Meximieux  : Systeme Molter
} 1. e4 e5 2. Nf3 Nc6 3. Bc4 Nf6
4. Nc3 Be7 5. O-O d6 6. d4 Bg4 7. dxe5 Nxe5 8. Be2 O-O 9. Nxe5 Bxe2 10. Qxe2
dxe5 11. Rd1 Qc8 12. Nd5 Nxd5 13. Rxd5 Qe6 14. Be3 c6 15. Rd3 b6 16. Rad1 Qxa2
17. Rd7 Bf6 18. R7d6 Rfd8 19. Qd3 h6 20. Qc3 Rxd6 21. Rxd6 Qb1+ 0-1

[Event "Coupe 2000 Phase 1"]
[Site "?"]
[Date "2002.01.27"]
[Round "3"]
[White "Vernay, Denis"]
[Black "Gubelmann, Albert"]
[Result "0-1"]
[WhiteElo "1810"]
[BlackElo "1700"]
[PlyCount "80"]
[EventDate "2002.??.??"]

{Meximieux  /  Bourg en Bresse  : Systeme Molter
} 1. c4 c5 2. Nc3 Nf6 3. g3
g6 4. Bg2 Bg7 5. e3 e6 6. Nge2 O-O 7. O-O Nc6 8. d4 cxd4 9. exd4 d5 10. b3 dxc4
11. bxc4 Na5 12. Qd3 Rb8 13. Bf4 Ra8 14. Nb5 a6 15. Nd6 Nc6 16. Nxc8 Rxc8 17.
Rab1 Qd7 18. d5 exd5 19. cxd5 Nh5 20. Qb3 Nxf4 21. Nxf4 Na5 22. Qb6 Qa4 23.
Rfd1 Nc4 24. Qxb7 Qxa2 25. Ra1 Bxa1 26. d6 Nxd6 27. Rxd6 Rc1+ 28. Bf1 Qc4 29.
Qg2 Be5 30. Rd7 Bxf4 31. gxf4 Qxf4 32. Rd3 a5 33. Rf3 Qb4 34. h4 Qxh4 35. Re3
Qf6 36. Rh3 Qg7 37. Qg5 a4 38. Kg2 a3 39. Qxc1 a2 40. Rxh7 Kxh7 0-1

[Event "Coupe 2000 Phase 1"]
[Site "?"]
[Date "2002.01.27"]
[Round "3"]
[White "Huseni, Imer"]
[Black "Roncin, Cesar"]
[Result "0-1"]
[WhiteElo "1599"]
[BlackElo "1640"]
[PlyCount "96"]
[EventDate "2002.??.??"]

{Bourg en Bresse  /  St-Etienne  : Systeme Molter
} 1. d4 Nf6 2. Nc3 g6 3. e4
d6 4. Bc4 Bg7 5. Nf3 O-O 6. O-O Bg4 7. h3 Bxf3 8. Qxf3 Nc6 9. Bb5 Nxd4 10. Qd3
Nxb5 11. Qxb5 b6 12. Qb3 e5 13. Bg5 Qc8 14. Qc4 Nd7 15. b4 Nf6 16. Nb5 Qd7 17.
a4 c6 18. Nc3 h6 19. Be3 d5 20. exd5 cxd5 21. Qb5 d4 22. Qxe5 dxc3 23. Bxh6
Bxh6 24. Qxf6 Bg7 25. Qf4 Qd2 26. Qe4 Qd4 27. Qxd4 Bxd4 28. Rad1 Bg7 29. Rd7
Rfd8 30. Rfd1 Rxd7 31. Rxd7 a5 32. Rd6 axb4 33. Rxb6 Rxa4 34. Kf1 Ra1+ 35. Ke2
Rc1 36. Kd3 Rd1+ 37. Kc4 Rd2 38. Kb3 Rxf2 39. Rxb4 Rxg2 40. h4 f5 41. Rb8+ Kh7
42. Rb7 f4 43. Rf7 Rg4 44. Rxg7+ Kxg7 45. Kxc3 f3 46. Kd2 f2 47. Ke2 Rf4 48.
Kf1 Kh6 0-1

[Event "Coupe 2000 Phase 1"]
[Site "?"]
[Date "2002.01.27"]
[Round "3"]
[White "Doran, Niall"]
[Black "Nyd, Christopher"]
[Result "0-1"]
[WhiteElo "1499"]
[BlackElo "1530"]
[PlyCount "78"]
[EventDate "2002.??.??"]

{St-Etienne  /  Meximieux  : Systeme Molter
} 1. e4 e6 2. d4 d5 3. Nc3 Nf6 4.
e5 Nfd7 5. Nf3 c5 6. dxc5 Bxc5 7. Bd3 Nc6 8. Qe2 Qc7 9. Bf4 Bd4 10. Nb5 Qb6 11.
Nd6+ Kf8 12. O-O-O Qxb2+ 13. Kd2 Qb4+ 14. Kc1 Bb2+ 15. Kb1 Bxe5+ 16. Kc1 Bxf4+
17. Nd2 Bxd2+ 18. Rxd2 Qxd6 19. Qh5 Nf6 20. Qh4 Qa3+ 21. Kd1 Qxa2 22. Ke2 b6
23. Bb5 Ba6 24. Bxa6 Qxa6+ 25. Rd3 Ne5 26. Qb4+ Kg8 27. Qc3 Nxd3 28. cxd3 Qa2+
29. Kf3 d4 30. Qc7 Qd5+ 31. Ke2 Qxg2 32. Rc1 h6 33. h3 Qxh3 34. Qb7 Qh5+ 35. f3
Kh7 36. Rc7 Rhb8 37. Qc6 Qh2+ 38. Kd1 Qg1+ 39. Kc2 Qg6 0-1